[Event "Brazil Fiesta op"]
[Site "Brazil"]
[Date "2017.07.23"]
[Round "5"]
[White "De Moraes, Daniel Cerqueira"]
[Black "Aguiar, Arthur Vinicius De"]
[Result "1-0"]
[WhiteElo "1458"]
[BlackElo "1423"]
[PlyCount "151"]
[EventDate "2017.07.21"]
[EventType "swiss"]
[EventRounds "6"]
[EventCountry "BRA"]
[SourceTitle "EXT 2019"]
[Source "ChessBase"]
[SourceDate "2018.10.10"]
[SourceVersion "1"]
[SourceVersionDate "2018.10.10"]
[SourceQuality "1"]

1. e4 c5 2. Nf3 d6 3. c3 Nf6 4. Be2 Bg4 5. 0-0 e6 6. d3 Be7 7. Re1 0-0 8. Bg5 Nbd7 9. h3 Bh5 10. Nbd2 Qb6 11. Nc4 Qc7 12. d4 cxd4 13. Nxd4 Bxe2 14. Qxe2 h6 15. Bh4 Nc5 16. Bxf6 Bxf6 17. Nb5 Qc6 18. Ncxd6 a6 19. e5 Be7 20. Nd4 Qc7 21. Nc4 b5 22. Nd2 Rfd8 23. Rad1 b4 24. Qf3 Rac8 25. Nf1 Na4 26. b3 Nxc3 27. Rd3 a5 28. Qg4 Nxa2 29. Rg3 Bf8 30. Qh5 Rxd4 31. Qxh6 g6 32. Rxg6+ fxg6 33. Qxg6+ Qg7 34. Qxe6+ Qf7 35. Qxc8 Rd2 36. Qg4+ Bg7 37. f4 Qa7+ 38. Kh1 Qb7 39. Ne3 Qe4 40. Qg3 Rd3 41. f5 Kh8 42. f6 Bf8 43. Kh2 Nc3 44. f7 Qh7 45. Qf4 Rd7 46. e6 Rd8 47. Qf6+ Qg7 48. Qxd8 Qe5+ 49. Kh1 Kg7 50. Rf1 Qxe3 51. Qf6+ Kh7 52. Qh4+ Qh6 53. Qg4 Qg7 54. Qh5+ Qh6 55. Qxh6+ Kxh6 56. e7 Bxe7 57. f8Q+ Bxf8 58. Rxf8 Nd5 59. Rf5 Nc3 60. Rxa5 Kg6 61. g3 Kf6 62. Kg2 Ke6 63. h4 Kf6 64. Kf3 Kg6 65. g4 Kh6 66. Ra6+ Kg7 67. g5 Kh7 68. Kg4 Kg7 69. h5 Ne4 70. Ra7+ Kg8 71. Kf5 Nd6+ 72. Kg6 Kf8 73. h6 Nf7 74. Rxf7+ Kg8 75. h7+ Kh8 76. Rf8# 1-0

[Event "Brasilia Viva op"]
[Site "Brasilia"]
[Date "2017.04.29"]
[Round "2"]
[White "Aguiar, Arthur Vinicius De"]
[Black "Dos Passos, Maria Eduarda Gibso"]
[Result "1-0"]
[WhiteElo "1470"]
[BlackElo "1739"]
[PlyCount "59"]
[EventDate "2017.04.28"]
[EventType "swiss"]
[EventRounds "7"]
[EventCountry "BRA"]
[SourceTitle "CBM 178 Extra"]
[Source "ChessBase"]
[SourceDate "2017.06.22"]
[SourceVersion "1"]
[SourceVersionDate "2017.06.22"]
[SourceQuality "1"]

1. e4 c5 2. Nf3 d6 3. d4 cxd4 4. Nxd4 e5 5. Nb3 Nf6 6. Nc3 Be7 7. Be3 0-0 8. f3 b6 9. Be2 Bb7 10. Qd2 Nc6 11. 0-0-0 a6 12. g4 b5 13. g5 Nh5 14. f4 Nxf4 15. Bxf4 exf4 16. h4 b4 17. Nd5 a5 18. Nxe7+ Qxe7 19. Qxd6 Qxe4 20. Bd3 Qe3+ 21. Kb1 a4 22. Nc5 Na5 23. Nxb7 Nxb7 24. Qxb4 Rfd8 25. Qxb7 a3 26. Qe4 Qb6 27. Qxh7+ Kf8 28. Bb5 Qxb5 29. Qh8+ Ke7 30. Rhe1+ 1-0

[Event "Brasilia Viva op"]
[Site "Brasilia"]
[Date "2017.04.28"]
[Round "1"]
[White "Maciel, Diogo Alves"]
[Black "Aguiar, Arthur Vinicius De"]
[Result "1-0"]
[WhiteElo "1938"]
[BlackElo "1470"]
[PlyCount "123"]
[EventDate "2017.04.28"]
[EventType "swiss"]
[EventRounds "7"]
[EventCountry "BRA"]
[SourceTitle "CBM 178 Extra"]
[Source "ChessBase"]
[SourceDate "2017.06.22"]
[SourceVersion "1"]
[SourceVersionDate "2017.06.22"]
[SourceQuality "1"]

1. Nf3 Nf6 2. g3 g6 3. Bg2 Bg7 4. 0-0 0-0 5. c4 d6 6. d4 c6 7. Nc3 Bf5 8. Nh4 Bg4 9. h3 Be6 10. d5 Bd7 11. Nf3 Qc8 12. h4 Bh3 13. Bxh3 Qxh3 14. Ng5 Qg4 15. e4 Qxd1 16. Rxd1 cxd5 17. exd5 h6 18. Nf3 Nbd7 19. Re1 Rfe8 20. Be3 Ng4 21. Bd4 Bxd4 22. Nxd4 Nb6 23. b3 a5 24. Ndb5 Rec8 25. Re2 g5 26. hxg5 hxg5 27. Ne4 f6 28. f3 Ne5 29. Kg2 Nf7 30. Rae1 Re8 31. Nc7 Kh7 32. Nxe8 Rxe8 33. Nxf6+ exf6 34. Rxe8 Ne5 35. R1xe5 fxe5 36. Re7+ Kg6 37. Rxb7 Nc8 38. a3 Kf5 39. b4 axb4 40. axb4 e4 41. c5 dxc5 42. bxc5 e3 43. Rc7 Ke5 44. Rxc8 Kxd5 45. c6 Kd6 46. f4 e2 47. Kf2 gxf4 48. gxf4 e1Q+ 49. Kxe1 Ke6 50. Re8+ Kd6 51. f5 Kxc6 52. f6 Kd6 53. f7 Kc6 54. f8R Kd6 55. Rf2 Kd7 56. Re3 Kd6 57. Rd2+ Kc5 58. Rc3+ Kb4 59. Rc8 Kb3 60. Rd7 Kb4 61. Rb7+ Ka5 62. Ra8# 1-0